[Event "SR 3. liga A2 2015/2016"]
[Site "?"]
[Date "2015.11.15"]
[Round "3.2"]
[White "Hornak, Pavol"]
[Black "Slaby, Jozef"]
[Result "1/2-1/2"]
[WhiteElo "1781"]
[BlackElo "1808"]
[PlyCount "80"]
[EventDate "2016.??.??"]

1. d4 Nf6 2. c4 g6 3. Nc3 d5 4. cxd5 Nxd5 5. e4 Nxc3 6. bxc3 Bg7 7. Bc4 O-O 8.
Nf3 c5 9. O-O cxd4 10. cxd4 Nc6 11. Bb2 Bg4 12. Rb1 Bxf3 13. Qxf3 Nxd4 14. Bxd4
Qxd4 15. Bd5 e6 16. Rfd1 Qe5 17. Bxb7 Rab8 18. Ba6 Rb2 19. Bc4 a5 20. Rxb2 Qxb2
21. Qd3 Bf6 22. Kf1 Qe5 23. Qf3 Rc8 24. Bd3 Kg7 25. g3 Rb8 26. Qe2 Qc3 27. Rd2
Rd8 28. Rd1 a4 29. Qf3 a3 30. h4 Rb8 31. Be2 Rb2 32. Qxc3 Bxc3 33. Bc4 Rb4 34.
Bd3 e5 35. Rb1 h6 36. Rxb4 Bxb4 37. Ke2 f6 38. Bc4 f5 39. exf5 gxf5 40. f3 Kf6
1/2-1/2

[Event "SR 3. liga A2 2015/2016"]
[Site "?"]
[Date "2015.11.15"]
[Round "3.2"]
[White "Slaba, Andrea"]
[Black "Vlkovic, Pavol"]
[Result "1-0"]
[WhiteElo "1506"]
[BlackElo "1810"]
[PlyCount "157"]
[EventDate "2016.??.??"]

1. c4 g6 2. g3 Bg7 3. Bg2 Nf6 4. Nf3 O-O 5. O-O d6 6. Nc3 c6 7. Rb1 a5 8. a3
Na6 9. b4 axb4 10. axb4 Nc7 11. Qb3 e5 12. d3 h6 13. Bd2 Ne6 14. Ra1 Bd7 15. e3
Qe7 16. Rfb1 Nh7 17. Ra5 b6 18. Raa1 Nhg5 19. Nxg5 Nxg5 20. Rxa8 Rxa8 21. b5
Rc8 22. h4 Nh3+ 23. Bxh3 Bxh3 24. bxc6 Qf6 25. Qd1 Rxc6 26. Nd5 Qd8 27. Qa4 Bd7
28. Qb4 Bg4 29. Qb5 Bd7 30. Nxb6 Rc7 31. Nxd7 Rxd7 32. Qb8 Qxb8 33. Rxb8+ Bf8
34. e4 Kg7 35. Bxh6+ Kxh6 36. Rxf8 Kg7 37. Rb8 Kf6 38. Kg2 Ra7 39. Rb3 Ra2 40.
Kf3 Rc2 41. Ke3 Ke6 42. Rb1 Kf6 43. g4 Ra2 44. Rb6 Ke7 45. Rb1 Ra8 46. Rh1 Kf6
47. f4 exf4+ 48. Kxf4 Ra2 49. Rh3 Rf2+ 50. Ke3 Rg2 51. g5+ Ke6 52. Rf3 Rh2 53.
Rf4 Rh3+ 54. Kd4 Rh1 55. Rf6+ Ke7 56. Rf4 Rh3 57. Rg4 Ke6 58. Rf4 Ke7 59. Kc3
Rg3 60. Kd2 Rh3 61. d4 Rh2+ 62. Kc3 Rh3+ 63. Kb4 Re3 64. c5 dxc5+ 65. Kxc5 Rc3+
66. Kd5 Ra3 67. e5 Ra5+ 68. Kc6 Ra1 69. d5 Rc1+ 70. Kb5 Re1 71. d6+ Ke8 72. Kc6
Rxe5 73. d7+ Kd8 74. Rxf7 Re6+ 75. Kd5 Ra6 76. Rf6 Ra5+ 77. Ke6 Ra6+ 78. Kf7
Kxd7 79. Rxa6 1-0

[Event "SR 3. liga A2 2015/2016"]
[Site "?"]
[Date "2015.11.15"]
[Round "3.2"]
[White "Kavuljak, Alojz"]
[Black "Musaev, Urmat"]
[Result "0-1"]
[WhiteElo "1715"]
[BlackElo "1000"]
[PlyCount "120"]
[EventDate "2016.??.??"]

1. e4 c5 2. Nf3 d6 3. d4 cxd4 4. Nxd4 Nf6 5. Nc3 a6 6. Be2 e6 7. Be3 Be7 8. Qd2
b5 9. a3 Bb7 10. Bd3 Nc6 11. h3 Rc8 12. O-O Ne5 13. f4 Nc4 14. Bxc4 Rxc4 15. e5
Nd5 16. Nxd5 Bxd5 17. exd6 Bxd6 18. Rfd1 g6 19. c3 Qd7 20. Nf3 Qe7 21. Nd4 Qb7
22. Nc2 a5 23. Bd4 Rg8 24. Ne3 Rc8 25. Ng4 Ke7 26. Nf6 Rgd8 27. Nxh7 Bc5 28.
Qf2 Bxd4 29. Rxd4 Rh8 30. Ng5 Rh5 31. Re1 Kf8 32. Re5 Kg7 33. Nf3 Bxf3 34. Rxh5
Bxh5 35. g4 Bxg4 36. hxg4 Rh8 37. Qg2 Qb6 38. Qe4 Rd8 39. Kg2 Rxd4 40. Qxd4+
Qxd4 41. cxd4 Kf6 42. Kf3 g5 43. Ke4 a4 44. Ke3 Kg6 45. Ke4 f6 46. Ke3 gxf4+
47. Kxf4 Kf7 48. Ke4 Ke7 49. Kd3 Kd6 50. Ke4 Kc6 51. Kd3 Kd5 52. Kc3 Ke4 53.
Kb4 Kxd4 54. Kxb5 e5 55. Kxa4 e4 56. b4 e3 57. b5 e2 58. Ka5 e1=Q+ 59. Ka6 Qe6+
60. b6 Kc5 0-1

[Event "SR 3. liga A2 2015/2016"]
[Site "?"]
[Date "2015.11.15"]
[Round "3.3"]
[White "Pericka, Tomas"]
[Black "Sosovicka, Juraj"]
[Result "1/2-1/2"]
[WhiteElo "2008"]
[BlackElo "2201"]
[PlyCount "47"]
[EventDate "2016.??.??"]

1. e4 e5 2. f4 exf4 3. Nf3 g5 4. Bc4 Bg7 5. d4 d6 6. O-O Nc6 7. c3 h6 8. h4 f6
9. Qb3 Kf8 10. Qc2 Qe8 11. b4 Bg4 12. Nbd2 Nge7 13. b5 Na5 14. Bd3 Qh5 15. e5
dxe5 16. Ba3 Bxf3 17. Nxf3 Nc4 18. Bxc4 g4 19. dxe5 fxe5 20. Qe4 gxf3 21. Rxf3
Bf6 22. Re1 Kg7 23. Bxe7 Bxe7 24. Qxe5+ 1/2-1/2

[Event "SR 3. liga A2 2015/2016"]
[Site "?"]
[Date "2015.11.15"]
[Round "3.3"]
[White "Danada, Tomas"]
[Black "Diviak, Rastislav"]
[Result "1-0"]
[WhiteElo "2152"]
[BlackElo "1949"]
[PlyCount "105"]
[EventDate "2016.??.??"]

1. d4 Nf6 2. c4 g6 3. Nc3 Bg7 4. e4 d6 5. Nge2 O-O 6. Ng3 e5 7. d5 Nbd7 8. Be2
Ne8 9. h4 f5 10. exf5 gxf5 11. Nh5 Ndf6 12. Nxg7 Nxg7 13. h5 f4 14. g4 fxg3 15.
fxg3 Nf5 16. g4 Ng3 17. Rg1 Nfe4 18. Nxe4 Nxe4 19. g5 c6 20. Qd3 Qa5+ 21. Bd2
Qb6 22. Qe3 Qxb2 23. Rd1 Qd4 24. g6 Qxe3 25. Bxe3 Rf6 26. Bd3 Bf5 27. Bxe4 Bxe4
28. Bg5 Rf3 29. dxc6 Bxc6 30. gxh7+ Kf7 31. Rxd6 Rh8 32. Rh6 Be4 33. Ke2 Rf5
34. Be3 Rf6 35. Rg8 Rxh6 36. Rxh8 Rxh7 37. Rxh7+ Bxh7 38. Bxa7 Kf6 39. Be3 Be4
40. Kd2 Kf5 41. Kc3 Ke6 42. Kb4 Kd6 43. Kb5 Kc7 44. h6 Bc6+ 45. Kc5 Be4 46. Bf2
Kd7 47. Kb6 Kc8 48. Bg3 Bd3 49. Bxe5 Bf5 50. a4 Be4 51. a5 Bd3 52. c5 Bc2 53.
c6 1-0

[Event "SR 3. liga A2 2015/2016"]
[Site "?"]
[Date "2015.11.15"]
[Round "3.3"]
[White "Nemeckay, Rastislav"]
[Black "Pribila, Gerhard"]
[Result "1/2-1/2"]
[WhiteElo "1995"]
[BlackElo "2097"]
[PlyCount "30"]
[EventDate "2016.??.??"]

1. e4 c5 2. Nf3 e6 3. d4 cxd4 4. Nxd4 a6 5. Nc3 b5 6. Bd3 Qb6 7. Nb3 Qc7 8. O-O
Nf6 9. Qe2 d6 10. Bf4 Nbd7 11. Rad1 e5 12. Bg3 Be7 13. a3 O-O 14. Rd2 Bb7 15.
f4 Rfe8 1/2-1/2

[Event "SR 3. liga A2 2015/2016"]
[Site "?"]
[Date "2015.11.15"]
[Round "3.3"]
[White "Kubis, Ivan"]
[Black "Danada, Ondrej"]
[Result "0-1"]
[WhiteElo "1957"]
[BlackElo "1923"]
[PlyCount "96"]
[EventDate "2016.??.??"]

1. e4 c6 2. d4 d5 3. Nc3 dxe4 4. Nxe4 Bf5 5. Ng3 Bg6 6. Nf3 Nd7 7. h4 h6 8. h5
Bh7 9. Bd3 Bxd3 10. Qxd3 Qc7 11. Bd2 Ngf6 12. O-O-O e6 13. Ne4 Nxe4 14. Qxe4
Bd6 15. g3 O-O-O 16. Kb1 c5 17. c4 Nf6 18. Qe2 Kb8 19. Bc3 cxd4 20. Nxd4 a6 21.
Nb3 Qc6 22. Rhe1 Bc7 23. Nd4 Qc5 24. g4 Qg5 25. f3 Bg3 26. Rg1 Bf4 27. Rge1 Qc5
28. Nb3 Qc6 29. Be5+ Bxe5 30. Qxe5+ Qc7 31. Qxc7+ Kxc7 32. Kc2 Rd6 33. Rxd6
Kxd6 34. Nd2 g6 35. Ne4+ Nxe4 36. Rxe4 gxh5 37. gxh5 Rg8 38. Rg4 Rxg4 39. fxg4
Ke5 40. Kd3 Kf4 41. b4 e5 42. a4 e4+ 43. Ke2 Kxg4 44. b5 Kf4 45. c5 axb5 46.
axb5 Ke5 47. Kf2 Kd5 48. c6 Kd6 0-1

[Event "SR 3. liga A2 2015/2016"]
[Site "?"]
[Date "2015.11.15"]
[Round "3.3"]
[White "Hanzluvka, Peter"]
[Black "Jozefovic, Milan"]
[Result "1-0"]
[WhiteElo "1932"]
[BlackElo "1878"]
[PlyCount "71"]
[EventDate "2016.??.??"]

1. e4 b6 2. d4 Bb7 3. Bd3 Nf6 4. Nc3 d6 5. Bg5 Nbd7 6. Nf3 h6 7. Bh4 e6 8. e5
g5 9. Bg3 Nd5 10. Ne4 Nf4 11. Bxf4 gxf4 12. Qd2 dxe5 13. dxe5 Qe7 14. O-O-O h5
15. Kb1 Bh6 16. Qc3 Nc5 17. Nf6+ Kf8 18. Bb5 c6 19. Be2 Bg7 20. Ng5 Bxf6 21.
exf6 Qc7 22. Qd4 h4 23. b4 e5 24. Qd2 Ne6 25. Nxe6+ fxe6 26. Qd7 Rh7 27. Qxe6
c5 28. Bc4 Rf7 29. Qxf7+ Qxf7 30. Bxf7 Bxg2 31. Bd5 Bxd5 32. Rxd5 Kf7 33. Rd6
Re8 34. Rg1 e4 35. Rg7+ Kf8 36. Rdd7 1-0

[Event "SR 3. liga A2 2015/2016"]
[Site "?"]
[Date "2015.11.15"]
[Round "3.3"]
[White "Bilovsky, Milan"]
[Black "Krupa, Miroslav"]
[Result "1/2-1/2"]
[WhiteElo "1906"]
[BlackElo "1820"]
[PlyCount "53"]
[EventDate "2016.??.??"]

1. e4 c5 2. c3 e6 3. d4 cxd4 4. cxd4 Nf6 5. Nc3 Bb4 6. Qc2 Nc6 7. Nf3 d5 8. Bg5
dxe4 9. Bxf6 Qxf6 10. Qxe4 O-O 11. Bd3 Rd8 12. a3 Ba5 13. b4 Bb6 14. Qxh7+ Kf8
15. Ne4 Qh6 16. Qxh6 gxh6 17. Ke2 Nxd4+ 18. Nxd4 Bxd4 19. Ra2 e5 20. Rc2 f5 21.
Ng3 e4 22. Bc4 Bd7 23. Bb3 Rac8 24. Rhc1 Bb5+ 25. Ke1 Bd7 26. Rc7 Be5 27. Rxc8
1/2-1/2

[Event "SR 3. liga A2 2015/2016"]
[Site "?"]
[Date "2015.11.15"]
[Round "3.3"]
[White "Spacek, Marcel"]
[Black "Husek, Lubomir"]
[Result "1-0"]
[WhiteElo "1754"]
[BlackElo "1902"]
[PlyCount "83"]
[EventDate "2016.??.??"]

1. d4 d5 2. c4 c6 3. Nf3 Nf6 4. Nc3 e6 5. g3 Nbd7 6. Bg2 Bd6 7. b3 O-O 8. O-O
Re8 9. Bb2 Nf8 10. Qc2 Ng6 11. e4 dxe4 12. Nxe4 Nxe4 13. Qxe4 Bd7 14. Rad1 Qc7
15. h4 h6 16. h5 Nh8 17. Bc1 f5 18. Qd3 Nf7 19. c5 Be7 20. Rfe1 Rad8 21. Bf4
Qa5 22. Bf1 Bc8 23. Qe3 Bf6 24. Bc4 Kf8 25. Ne5 Bxe5 26. Bxe5 Nxe5 27. Qxe5
Qxa2 28. Re2 Qa5 29. g4 b5 30. Bd3 Rd5 31. Qf4 Qd8 32. Bc2 e5 33. Qf3 Rxd4 34.
Rxd4 Qxd4 35. gxf5 Qf4 36. Qxc6 Bxf5 37. Bxf5 Qxf5 38. Re3 Qg4+ 39. Rg3 Qxh5
40. Qb7 Qf7 41. Rf3 Qxf3 42. Qxf3+ 1-0

[Event "SR 3. liga A2 2015/2016"]
[Site "?"]
[Date "2015.11.15"]
[Round "3.3"]
[White "Brunovsky, Peter"]
[Black "Ulehla, Jakub"]
[Result "1-0"]
[WhiteElo "1859"]
[BlackElo "1665"]
[PlyCount "135"]
[EventDate "2016.??.??"]

1. c4 e5 2. e4 Nf6 3. d3 Nc6 4. g3 Be7 5. Bg2 O-O 6. Ne2 d6 7. h3 Bd7 8. O-O
Re8 9. Nbc3 h6 10. Be3 Bf8 11. Qd2 Ne7 12. Kh2 c6 13. f4 Qc7 14. fxe5 dxe5 15.
Bxh6 Nxe4 16. Bxe4 gxh6 17. g4 Bg7 18. Ng3 Rf8 19. Nf5 Nxf5 20. gxf5 f6 21. Rg1
Kh7 22. Rg2 Rg8 23. Rag1 Be8 24. Qe2 Bf7 25. Nd1 Bh8 26. Ne3 Rxg2+ 27. Rxg2 Rg8
28. b3 Qd8 29. Qb2 Rxg2+ 30. Nxg2 Bg7 31. Qf2 Qd4 32. Qxd4 exd4 33. Nf4 Bf8 34.
Kg2 Bd6 35. Ne2 Be5 36. Bf3 Be8 37. a4 Bd7 38. Be4 a6 39. Ng1 Kg7 40. Nf3 Bc8
41. Nh4 h5 42. Ng6 Kh6 43. h4 Bd6 44. Kf3 Bd7 45. Nf4 Bxf4 46. Kxf4 Bc8 47. c5
Kg7 48. Bf3 Kh6 49. a5 Bd7 50. Ke4 Bc8 51. Bg2 Kg7 52. Bh3 Bd7 53. Kxd4 Be8 54.
Kc3 Bf7 55. Bg2 Kf8 56. d4 Bd5 57. Bf1 Be4 58. Bd3 Bd5 59. b4 Kg7 60. Kd2 Kh6
61. Ke3 Kg7 62. Kf4 Kh6 63. Be4 Bf7 64. d5 cxd5 65. Bf3 Be8 66. Bxd5 Bc6 67.
Bxc6 bxc6 68. b5 1-0

[Event "SR 3. liga A2 2015/2016"]
[Site "?"]
[Date "2015.11.15"]
[Round "3.4"]
[White "Jablonicky, Martin"]
[Black "Lopatievov, Alexander"]
[Result "1-0"]
[WhiteElo "2184"]
[BlackElo "1903"]
[PlyCount "85"]
[EventDate "2016.??.??"]

1. e4 c6 2. d4 d5 3. Nc3 dxe4 4. Nxe4 Bf5 5. Ng3 Bg6 6. h4 h6 7. Nf3 Nf6 8. Ne5
Bh7 9. Bc4 e6 10. Qe2 Nd5 11. c3 Nd7 12. f4 Nxe5 13. fxe5 Be7 14. Qg4 Rg8 15.
h5 Qd7 16. O-O g5 17. Ne4 Rf8 18. Bxd5 Bf5 19. Bxe6 fxe6 20. Qe2 Qd5 21. Ng3
Bh7 22. Rxf8+ Kxf8 23. Be3 Kg7 24. c4 Qa5 25. Bd2 Qa6 26. Bc3 b5 27. cxb5 Qxb5
28. Qxb5 cxb5 29. a3 Bd3 30. d5 Bc5+ 31. Kh2 exd5 32. Rd1 Bc4 33. Nf5+ Kh7 34.
Bd4 Bf8 35. e6 Be2 36. Rc1 Bg4 37. Rc7+ Kg8 38. Ne7+ Bxe7 39. Rxe7 Kf8 40. Rf7+
Ke8 41. Rh7 Rd8 42. Bf6 Bxe6 43. Rh8+ 1-0

[Event "SR 3. liga A2 2015/2016"]
[Site "?"]
[Date "2015.11.15"]
[Round "3.4"]
[White "Capanda, Jan"]
[Black "Packa, Ladislav"]
[Result "0-1"]
[WhiteElo "1846"]
[BlackElo "2189"]
[PlyCount "80"]
[EventDate "2016.??.??"]

1. e4 e5 2. Nf3 Nc6 3. Bc4 Nf6 4. d3 d6 5. h3 Be7 6. Nc3 Na5 7. Bb3 c6 8. Bxf7+
Kxf7 9. b4 Rf8 10. O-O Kg8 11. Bd2 Qe8 12. bxa5 Nh5 13. Nh2 Qg6 14. Kh1 Nf4 15.
Bxf4 exf4 16. f3 Qg5 17. Ne2 Qxa5 18. c3 Kh8 19. Ng4 h5 20. Nf2 Bd7 21. Qd2 Qg5
22. d4 Qh4 23. Rab1 b6 24. Kg1 Rf7 25. Nd3 Raf8 26. Rf2 g5 27. Rb2 Rg8 28. Kf1
Bf8 29. e5 d5 30. a4 g4 31. fxg4 f3 32. Ng1 hxg4 33. gxf3 g3 34. Rg2 Bxh3 35.
Nxh3 Qxh3 36. Qe3 Bh6 37. f4 Bxf4 38. Nxf4 Rg4 39. Rbf2 Qh1+ 40. Rg1 Qxg1+ 0-1

[Event "SR 3. liga A2 2015/2016"]
[Site "?"]
[Date "2015.11.15"]
[Round "3.4"]
[White "Jablonicky, Frantisek"]
[Black "Lezovic, Maros"]
[Result "1-0"]
[WhiteElo "2128"]
[BlackElo "1839"]
[PlyCount "71"]
[EventDate "2016.??.??"]

1. g3 e5 2. c4 Nc6 3. Bg2 g6 4. Nc3 Bg7 5. e3 Nge7 6. Nge2 O-O 7. d4 d6 8. O-O
Nf5 9. d5 Na5 10. Qd3 b6 11. b4 Nb7 12. Bb2 a5 13. a3 Ne7 14. f4 f6 15. e4 Bg4
16. h3 Bxe2 17. Nxe2 Qd7 18. fxe5 fxe5 19. Rxf8+ Kxf8 20. Rf1+ Kg8 21. Nc3 axb4
22. axb4 c5 23. dxc6 Qxc6 24. Nb5 Rf8 25. Rd1 Rd8 26. Bc1 h6 27. h4 Qd7 28. Be3
Qc6 29. Bh3 Kh7 30. Be6 Nc8 31. Rf1 Rf8 32. Rxf8 Bxf8 33. Qf1 Qe8 34. Nc7 Qd8
35. Qf7+ Bg7 36. Ne8 1-0

[Event "SR 3. liga A2 2015/2016"]
[Site "?"]
[Date "2015.11.15"]
[Round "3.4"]
[White "Zarecky, Eduard"]
[Black "Slobodnik, Michal"]
[Result "0-1"]
[WhiteElo "1915"]
[BlackElo "1986"]
[PlyCount "54"]
[EventDate "2016.??.??"]

1. d4 Nf6 2. c4 c5 3. e3 Nc6 4. Nf3 d6 5. Nc3 Bg4 6. Be2 e5 7. d5 Ne7 8. e4 h6
9. Nh4 Bd7 10. O-O g5 11. Nf3 Ng6 12. h3 Qc8 13. Kh2 Nf4 14. Bxf4 gxf4 15. Bd3
Rg8 16. Nh4 Be7 17. Nf5 h5 18. Nb5 Bxf5 19. exf5 e4 20. Bxe4 Nxe4 21. Qe2 Qxf5
22. Rae1 f3 23. gxf3 Qf4+ 24. Kh1 Rg3 25. fxg3 Nxg3+ 26. Kg2 Nxe2 27. Rxe2 Kd7
0-1

[Event "SR 3. liga A2 2015/2016"]
[Site "?"]
[Date "2015.11.15"]
[Round "3.4"]
[White "Horecky, Peter"]
[Black "Mackovic, Miroslav"]
[Result "1-0"]
[WhiteElo "2026"]
[BlackElo "1899"]
[PlyCount "101"]
[EventDate "2016.??.??"]

1. d4 Nf6 2. c4 g6 3. g3 Bg7 4. Bg2 O-O 5. Nc3 d6 6. Nf3 Nc6 7. O-O a6 8. d5
Na5 9. Nd2 c5 10. a3 b6 11. b4 cxb4 12. axb4 Nb7 13. Qb3 Bd7 14. Bb2 Qc7 15.
Nce4 Nxe4 16. Nxe4 f6 17. Rfc1 Bf5 18. c5 Bxe4 19. cxd6 Qxd6 20. Rc6 Qd7 21.
Bxe4 Nd6 22. Bd3 Qb7 23. Bd4 b5 24. e4 Kh8 25. Qa2 Rfb8 26. Rxa6 Rxa6 27. Qxa6
Qxa6 28. Rxa6 Kg8 29. Bc5 Nc8 30. Bxb5 Rxb5 31. Ra8 Kf7 32. Rxc8 Rb7 33. b5
Rxb5 34. Rc7 Bf8 35. Bxe7 Bxe7 36. d6 Re5 37. Rxe7+ Rxe7 38. dxe7 Kxe7 39. f4
Ke6 40. Kf2 h6 41. g4 Kd6 42. Ke3 Ke6 43. h4 Ke7 44. g5 hxg5 45. hxg5 fxg5 46.
fxg5 Ke6 47. Kd4 Kd6 48. e5+ Ke7 49. Kd5 Kd7 50. e6+ Ke7 51. Ke5 1-0

[Event "SR 3. liga A2 2015/2016"]
[Site "?"]
[Date "2015.11.15"]
[Round "3.4"]
[White "Bango, Dominik"]
[Black "Zigo, Rastislav"]
[Result "0-1"]
[WhiteElo "1720"]
[BlackElo "1999"]
[PlyCount "85"]
[EventDate "2016.??.??"]

1. e4 c5 2. Nf3 Nc6 3. d4 cxd4 4. Nxd4 d6 5. Nc3 e6 6. Be3 Nf6 7. f3 Be7 8. Qd2
O-O 9. O-O-O a6 10. Bd3 Ne5 11. Be2 Qc7 12. g4 Nc4 13. Bxc4 Qxc4 14. h4 b5 15.
Qd3 Qc7 16. h5 Nd7 17. b3 Nc5 18. Qd2 b4 19. Nb1 Rb8 20. g5 Bd7 21. g6 a5 22.
h6 fxg6 23. hxg7 Rf7 24. Rh6 Rxg7 25. Qh2 Bf6 26. Rh1 Be8 27. Qh3 Qe7 28. Ne2
Bd7 29. Qh2 e5 30. Nd2 Be6 31. f4 Rc8 32. Kb1 Rc7 33. fxe5 dxe5 34. Qg2 a4 35.
Nc1 axb3 36. Ndxb3 Na4 37. R6h2 Qd7 38. Bh6 Rf7 39. Re1 Nc3+ 40. Ka1 Qc6 41.
Nd3 Qa4 42. Ndc1 Ra7 43. Be3 0-1

[Event "SR 3. liga A2 2015/2016"]
[Site "?"]
[Date "2015.11.15"]
[Round "3.4"]
[White "Cmarada, Juraj"]
[Black "Vagovic, Milan"]
[Result "1/2-1/2"]
[WhiteElo "1678"]
[BlackElo "1612"]
[PlyCount "139"]
[EventDate "2016.??.??"]

1. e4 c5 2. Nf3 d6 3. d4 cxd4 4. Nxd4 e5 5. Nb3 Nf6 6. Nc3 Be7 7. Be2 O-O 8.
O-O Be6 9. Be3 Nbd7 10. f4 exf4 11. Rxf4 Ne5 12. Nd4 Bd7 13. h3 Ne8 14. Rf1 Bg5
15. Qd2 Bxe3+ 16. Qxe3 a6 17. Nd5 Rc8 18. c3 b5 19. Rad1 Nc4 20. Bxc4 bxc4 21.
Rd2 Be6 22. Nf4 Qg5 23. Qf2 Nc7 24. h4 Qc5 25. Ndxe6 Qxf2+ 26. Rfxf2 fxe6 27.
Rxd6 e5 28. Nd5 Nxd5 29. Rxd5 Rfe8 30. Rd7 Rf8 31. Rxf8+ Kxf8 32. Kf2 Rb8 33.
Rd2 Ke7 34. Ke2 h6 35. Kd1 Rf8 36. b3 cxb3 37. axb3 Rf4 38. Re2 Rxh4 39. Kc2
Rf4 40. Kd3 h5 41. Ke3 h4 42. Rf2 Rg4 43. b4 Rg3+ 44. Kd2 Rg4 45. Ke3 Rg3+ 46.
Kd2 Rg4 47. Re2 g5 48. Kd3 Rf4 49. c4 g4 50. c5 Kd7 51. Ke3 g3 52. Ra2 Rf6 53.
Rc2 Kc6 54. Kd3 Rf7 55. Ke3 Kb5 56. c6 Rc7 57. Rc5+ Kxb4 58. Rxe5 Rxc6 59. Rh5
Rc3+ 60. Kf4 Rc2 61. Rxh4 Rxg2 62. Kf3 Rh2 63. Rg4 g2 64. Kf2 a5 65. e5+ Kc5
66. Re4 Kd5 67. Ra4 Kxe5 68. Rxa5+ Kf4 69. Ra4+ Kf5 70. Kg1 1/2-1/2

[Event "SR 3. liga A2 2015/2016"]
[Site "?"]
[Date "2015.11.15"]
[Round "3.4"]
[White "Rau, Vladimir"]
[Black "Kimcel, Frantisek"]
[Result "1/2-1/2"]
[WhiteElo "1508"]
[BlackElo "1867"]
[PlyCount "83"]
[EventDate "2016.??.??"]

1. d4 Nf6 2. c4 e6 3. Nc3 Bb4 4. Bd2 O-O 5. Nf3 b6 6. g3 Bb7 7. Bg2 c5 8. e3 d6
9. O-O Nbd7 10. a3 Bxc3 11. Bxc3 Rc8 12. dxc5 dxc5 13. Qc2 Be4 14. Qe2 Qe7 15.
Rfd1 Rfd8 16. Rd2 Nf8 17. Rad1 Rxd2 18. Rxd2 Rd8 19. b4 Rxd2 20. Qxd2 Qb7 21.
Bxf6 Bxf3 22. Bxf3 Qxf3 23. Be7 Qa8 24. bxc5 bxc5 25. Bxc5 f6 26. Qd6 Qc8 27.
Bb4 Ng6 28. c5 Ne5 29. f4 Nc6 30. Kf2 Kf7 31. g4 Qb7 32. Qd2 Ne7 33. Qd6 Qh1
34. Kg3 Qg1+ 35. Kf3 Qxh2 36. c6 Qh1+ 37. Kf2 Nxc6 38. Qf8+ Kg6 39. Qe8+ Kh6
40. g5+ fxg5 41. Qxe6+ Kh5 42. Qf7+ 1/2-1/2

[Event "SR 3. liga A2 2015/2016"]
[Site "?"]
[Date "2015.11.15"]
[Round "3.5"]
[White "Sebesta, Radovan"]
[Black "Stanec, Stanislav"]
[Result "1/2-1/2"]
[WhiteElo "2007"]
[BlackElo "2158"]
[PlyCount "114"]
[EventDate "2016.??.??"]

1. d4 Nf6 2. c4 e6 3. Nc3 d5 4. cxd5 exd5 5. Bg5 Be7 6. e3 O-O 7. Bd3 Re8 8.
Nge2 Nbd7 9. O-O c6 10. Qc2 Nf8 11. Rab1 Ne4 12. Bxe7 Qxe7 13. b4 a6 14. a4 h5
15. b5 axb5 16. axb5 h4 17. bxc6 bxc6 18. Nxe4 dxe4 19. Bc4 Ra7 20. Rfc1 Rc7
21. Qb3 Nd7 22. Qb4 Qxb4 23. Rxb4 Kf8 24. Rbb1 Ra7 25. h3 Nf6 26. Ra1 Rxa1 27.
Rxa1 Nd5 28. Bxd5 cxd5 29. Nf4 Be6 30. Ra5 Rd8 31. Kf1 Ke7 32. Ra7+ Kf6 33. Ra6
g5 34. Nxe6 fxe6 35. f3 exf3 36. gxf3 Kf5 37. Kf2 Rc8 38. Ra2 Rc1 39. Rb2 Rd1
40. Re2 e5 41. dxe5 Kxe5 42. Ra2 Rc1 43. Rb2 Rc5 44. Rd2 Rb5 45. Kg2 Rb4 46.
Ra2 d4 47. Ra5+ Kf6 48. Ra6+ Kf7 49. exd4 Rxd4 50. Rb6 Rd2+ 51. Kg1 Re2 52. Ra6
Re6 53. Ra7+ Kf6 54. Kf2 Rc6 55. Ra2 Rc5 56. Ra4 Kf5 57. Rb4 Re5 1/2-1/2

[Event "SR 3. liga A2 2015/2016"]
[Site "?"]
[Date "2015.11.15"]
[Round "3.5"]
[White "Hudacek, Josef"]
[Black "Lanik, Miroslav"]
[Result "1-0"]
[WhiteElo "2057"]
[BlackElo "1896"]
[PlyCount "63"]
[EventDate "2016.??.??"]

1. e4 c5 2. Ne2 d6 3. g3 Nf6 4. Bg2 Nc6 5. c3 e6 6. d3 Be7 7. O-O O-O 8. f4 Qc7
9. h3 Rb8 10. a4 b6 11. g4 Nd7 12. Nd2 Bb7 13. Nf3 Rfe8 14. g5 Bf8 15. h4 g6
16. Ng3 Bg7 17. h5 Ne7 18. Nh4 d5 19. Qg4 gxh5 20. Nxh5 Kh8 21. Nxg7 Kxg7 22.
f5 Nc6 23. Qh5 Kg8 24. fxe6 Nde5 25. exf7+ Nxf7 26. Rf6 Nce5 27. Bf4 Qd7 28.
Nf5 Re6 29. Bxe5 Nxe5 30. Nh6+ Kh8 31. Bh3 Qe8 32. Nf7+ 1-0

[Event "SR 3. liga A2 2015/2016"]
[Site "?"]
[Date "2015.11.15"]
[Round "3.5"]
[White "Palka, Martin"]
[Black "Vepy, Ivan"]
[Result "0-1"]
[WhiteElo "1906"]
[BlackElo "1936"]
[PlyCount "90"]
[EventDate "2016.??.??"]

1. Nf3 d5 2. c4 e6 3. g3 Nf6 4. Bg2 Be7 5. O-O O-O 6. b3 Nc6 7. Bb2 Ne8 8. d3
Bf6 9. Nc3 Rb8 10. Qc1 b6 11. cxd5 exd5 12. e4 dxe4 13. dxe4 Bb7 14. Rd1 Qc8
15. Qf4 Qe6 16. Rac1 Ne5 17. Nd4 Qg4 18. Qe3 Qh5 19. h3 Rd8 20. Nd5 Bxd5 21.
exd5 Nd6 22. g4 Qg6 23. f4 Nd7 24. Rxc7 Nc5 25. f5 Qg5 26. Qxg5 Bxg5 27. Nc6
Rde8 28. Kf1 Bh4 29. Ba3 Re3 30. Bxc5 bxc5 31. Rxa7 Rfe8 32. Kg1 h5 33. Ra4 Rg3
34. gxh5 Re2 35. Rxh4 Rgxg2+ 36. Kf1 Nxf5 37. Ne7+ Nxe7 38. Rg4 Rgf2+ 39. Kg1
Rd2 40. Rxd2 Rxd2 41. Rg2 Rxg2+ 42. Kxg2 Nxd5 43. a3 Nc3 44. Kf3 Nb5 45. a4
Nd4+ 0-1

[Event "SR 3. liga A2 2015/2016"]
[Site "?"]
[Date "2015.11.15"]
[Round "3.5"]
[White "Harastova, Viera"]
[Black "Palka, Miroslav"]
[Result "1-0"]
[WhiteElo "1874"]
[BlackElo "1910"]
[PlyCount "51"]
[EventDate "2016.??.??"]

1. d4 d5 2. c4 e6 3. Nc3 Nf6 4. Nf3 g6 5. Bg5 Bg7 6. e3 O-O 7. Bd3 dxc4 8. Bxc4
c5 9. O-O cxd4 10. Nxd4 Qa5 11. Bh4 a6 12. Rc1 b5 13. Qf3 Nd5 14. Bxd5 exd5 15.
Nxd5 Ra7 16. Ne7+ Rxe7 17. Bxe7 Re8 18. Bf6 Qxa2 19. Bxg7 Kxg7 20. Rc7 Nd7 21.
b3 Ne5 22. Qa8 Bd7 23. Qd5 Re7 24. Qd6 Kf8 25. Qf6 Re8 26. Qh8+ 1-0

[Event "SR 3. liga A2 2015/2016"]
[Site "?"]
[Date "2015.11.15"]
[Round "3.5"]
[White "Kubik, Peter"]
[Black "Vogl, Zdenek"]
[Result "1/2-1/2"]
[WhiteElo "1838"]
[BlackElo "1894"]
[PlyCount "71"]
[EventDate "2016.??.??"]

1. b3 e5 2. Bb2 Nc6 3. e3 d6 4. Nf3 Nf6 5. d4 exd4 6. Nxd4 Nxd4 7. Qxd4 Be7 8.
Nc3 c6 9. O-O-O Be6 10. e4 Qb6 11. f3 O-O-O 12. Qxb6 axb6 13. Ne2 d5 14. exd5
Rxd5 15. Rxd5 Bxd5 16. c4 Be6 17. Nf4 Bf5 18. Bd3 Bxd3 19. Nxd3 Nd7 20. Re1 Bd6
21. g3 f6 22. Kc2 Kd8 23. Re6 Bc7 24. f4 Re8 25. Rxe8+ Kxe8 26. Kd2 Ke7 27. Ke3
Ke6 28. g4 g6 29. h4 f5 30. g5 Nc5 31. Nxc5+ bxc5 32. Bc1 Ba5 33. Bd2 Bc7 34.
Kd3 Kd6 35. a3 Ke6 36. Kc3 1/2-1/2

[Event "SR 3. liga A2 2015/2016"]
[Site "?"]
[Date "2015.11.15"]
[Round "3.5"]
[White "Hrubsa, Marian"]
[Black "Havlicek, Peter"]
[Result "1-0"]
[WhiteElo "1814"]
[BlackElo "1756"]
[PlyCount "49"]
[EventDate "2016.??.??"]

1. e4 c5 2. Nf3 e6 3. d4 cxd4 4. Nxd4 Nc6 5. Nc3 a6 6. a3 Nf6 7. Be3 Be7 8. f4
Nxd4 9. Bxd4 d6 10. Be2 O-O 11. O-O b5 12. Bd3 Ne8 13. Qf3 Bb7 14. Qh3 f6 15.
Qxe6+ Kh8 16. Qh3 Bc8 17. Qh5 Be6 18. Rf3 Bf7 19. Qh3 Qc8 20. Qh4 Bc4 21. Rh3
h6 22. Nd5 Qe6 23. f5 Qf7 24. Be3 h5 25. Qxh5+ 1-0

[Event "SR 3. liga A2 2015/2016"]
[Site "?"]
[Date "2015.11.15"]
[Round "3.5"]
[White "Huska, Branislav"]
[Black "Planka, Peter"]
[Result "1-0"]
[WhiteElo "1777"]
[BlackElo "1753"]
[PlyCount "55"]
[EventDate "2016.??.??"]

1. e4 e5 2. Nf3 Nc6 3. Bb5 a6 4. Bxc6 dxc6 5. d3 Bd6 6. Be3 Nf6 7. O-O O-O 8.
h3 c5 9. a4 b6 10. Na3 Be6 11. Ng5 Qe7 12. Nxe6 Qxe6 13. c3 Rfb8 14. f4 exf4
15. Bxf4 Bxf4 16. Rxf4 Rd8 17. Qf3 Nd7 18. d4 cxd4 19. cxd4 Nf8 20. d5 Qe7 21.
Rf1 Rd7 22. e5 Qc5+ 23. Kh2 Qxd5 24. Qxd5 Rxd5 25. Rxf7 Rd7 26. e6 Rxf7 27.
exf7+ Kh8 28. Re1 1-0